000 00677nam a2200229 4500
003 OSt
005 20240715030624.0
006 a
008 240715b |||||||| |||| 00| 0 eng d
020 _a9789719340249
040 _aDWCL-Main lib.
_cOC
082 _2First edition
_aFil. 265.6 P669s 2008
100 _aPirlo, Paolo O.
245 _aThe sacrament of penance /
250 _aFirst edition
260 _aParaƱaque City :
_bSons of Holy Mary Immaculate Quality Catholic Pub.,
_cc2008.
300 _b32 p. : col. ill. ;
_c19 cm.
650 _a1. Confession.
650 _a2. Penance.
650 _a3. Sacraments.
942 _2ddc
_n0
_cBK - FIL
_eFirst edition
_kFil.
999 _c2166
_d2166